Les plus grandes villes de touts les pays du monde - Statistiques

Statistiques générales
  • Ce quiz a été pris 240 fois
    164 depuis la dernière actualisation
  • Le résultat moyen est 114 sur 195
Statistiques - réponses
Hint Answe % Correct
Algerie Alger
93%
Allemagne Berlin
93%
France Paris
88%
Argentine Buenos Aires
87%
Australie Sydney
86%
Espagne Madrid
85%
Vatican Rome
83%
Italie Rome
82%
Japon Tokyo
82%
Albanie Tirana
81%
Grèce Athènes
80%
Afrique du Sud Johannesbourg
80%
Afghanistan Kaboul
80%
Egypte Le Caire
80%
Mexique Mexico
80%
Etats Unis New York
80%
Liechtenstein Schaan
80%
Irlande Dublin
79%
Portugal Lisbonne
79%
Royaume-Unis Londres
79%
Russie Moscou
79%
Corée du Sud Séoul
79%
Bangladesh Dacca
78%
Norvège Oslo
78%
Brésil São Paulo
78%
Pays Bas Amsterdam
77%
Colombie Bogota
77%
Finlande Helsinki
77%
Hongrie Budapest
76%
Danemark Copenhague
76%
Indonésie Jakarta
76%
Luxembourg Luxembourg
76%
Bielorussie Minsk
76%
Monaco Monaco
76%
Bulgarie Sofia
76%
Iran Téhéran
76%
Pologne Varsovie
76%
Lituanie Vilnius
76%
Croatie Zagreb
76%
Belgique Anvers
75%
Irak Bagdad
74%
Liban Beyrouth
74%
Roumanie Bucarest
74%
Maroc Casablanca
74%
Lettonie Riga
74%
Chili Santiago
74%
Estonie Tallinn
74%
Inde Bombay
73%
Sénégal Dakar
73%
Cuba La Havane
73%
Islande Reykjavik
73%
Libye Tripoli
73%
Mali Bamako
72%
Malaisie Kuala-Lumpur
72%
Pérou Lima
72%
Philippines Manille
72%
Arabie Saoudite Riyad
72%
Chine Shanghai
72%
Israël Tel-Aviv-Jaffa
72%
Ukraine Kiev
71%
Nigeria Lagos
71%
Chypre Nicosie
71%
Suède Stockholm
71%
Tunisie Tunis
71%
Qatar Doha
70%
Armenie Erevan
70%
Turquie Istanbul
70%
Jamaïque Kingston
70%
Saint-Vincent-et-les Grenadines Kingstown
70%
République Démocratique du Congo Kinshasa
70%
Panama Panama
70%
Bosnie-Herzégovine Sarajevo
70%
Singapour Singapour
70%
Macédoine Skopje
70%
Canada Toronto
70%
Emirats Arabe Unis Dubaï
69%
Koweït Koweït
69%
Thaïlande Bangkok
68%
Syrie Damas
68%
Kenya Nairobi
68%
Mongolie Oulan-Bator
68%
Haiti Port-au-Prince
68%
Corée du Nord Pyongyang
68%
Madagascar Antananarivo
67%
Serbie Belgrade
67%
République Congo Brazzaville
67%
Djibouti Djibouti
67%
Guatemala Guatemala
67%
Angola Luanda
67%
République tchèque Prague
67%
Guinée-Bissau Bissau
66%
Uruguay Montevideo
66%
Côte d'Ivoire Abidjan
65%
Azerbaïdjan Bakou
65%
Népal Katmandou
65%
Burkina Faso Ouagadougou
65%
Suisse Zurich
65%
Ghana Accra
64%
Ethiopie Addis-Abeba
64%
Slovaquie Bratislava
64%
Venezuela Caracas
64%
Moldavie Chisinau
64%
Géorgie Tbilissi
64%
Gabon Libreville
63%
Slovénie Ljubljana
63%
Paraguay Asuncion
62%
Jordanie Amman
61%
Soudan Khartoum
61%
Salvador San Salvador
61%
Nouvelle-Zélande Auckland
60%
Guinée Conakry
59%
Somalie Mogadiscio
59%
Mauritanie Nouakchott
59%
Cambodge Phnom Penh
59%
Yémen Sanaa
59%
Costa Rica San José
59%
Bahamas Nassau
58%
Laos Vientiane
58%
Pakistan Karachi
57%
Republique Dominicaine Saint-Domaingue
57%
Togo Lomé
56%
Maldives Malé
56%
Niger Niamey
56%
Monténégro Podgorica
56%
Honduras Tegucigalpa
56%
Sierra Leone Freetown
55%
Rwanda Kigali
54%
Papouasie Nouvelle Guinée Port Moresby
54%
Cap Vert Praia
54%
Guyana Georgetown
53%
Sao Tomé-est-Principe Sao Tomé
53%
Namibie Windhoek
53%
Mozambique Maputo
52%
Nicaragua Managua
51%
Bahreïn Manama
51%
Ouzbekistan Tachkent
51%
Kirghizistan Bichkek
50%
Ouganda Kampala
50%
Tchad N'Djaména
50%
Maurice Port-Louis
50%
Bhoutan Thimphou
50%
Erythrée Asmara
49%
Tanzanie Dar es Salam
48%
Timor-Oriental Dili
48%
Fidji Suva
48%
Sri Lanka Colombo
47%
Tadjikistan Douchanbé
47%
Malawi Lilongwe
47%
Seychelles Victoria
47%
Brunei Bandar Seri Begawan
46%
Viet Nam Hô Chi Minh-Ville
46%
Antigua et Barbuda Saint John's
46%
Zimbabwe Harare
45%
Liberia Monrovia
45%
Dominique Roseau
45%
Turkménistan Achgabat
44%
Samoa Apia
44%
Botswana Gaborone
44%
Lesotho Maseru
44%
Zambie Lusaka
43%
Saint-Lucie Castries
42%
Soudan du sud Djouba
41%
Comores Moroni
41%
Suriname Paramaribo
41%
Barbade Bridgetown
39%
Burundi Bujumbura
39%
Vanuatu Port-Vila
39%
Grenade Saint-Georges
39%
Saint-Christophe-et-Niévès Basseterre
37%
Cameroun Douala
37%
Nauru Yaren
35%
Tonga Nukuʻalofa
34%
Tuvalu Funafuti
33%
Bénin Cotonou
31%
Birmanie Rangoun
30%
Kazakhstan Almaty
28%
Belize Belize City
27%
Equateur Guayaquil
27%
Îles Salomon Honiara
27%
Kiribati Tarawa-Sud
20%
Andorre Andorre la Vielle
18%
Bolivie Santa Cruz de la Sierra
18%
île Cook Avarua
14%
Niue Alofi
13%
Palestine Jérusalem-Est
13%
Palaos Koror
8%
Malte Birkirkara
7%
Îles Marshall Delap-Uliga-Darrit
7%
Saint-Marin Serravalle
6%
Guinée-Equatoriale Bata
4%
Swaziland Manzini
4%
Trinité-et-Tobago Chaguanas
3%
Gambie Serrekunda
3%
Oman Sib
3%
Micronésie Weno
2%
Aucun quiz correspondant
Distribution des résultats
% des personnes avec chaque résultat
Percentile par nombre de réponses
Votre historique - résultats
Vous n’avez pas pris ce quiz depuis la dernière actualisation